| 000 | 00485nam a22001577a 4500 | ||
|---|---|---|---|
| 005 | 20260108100710.0 | ||
| 008 | 260108b |||||||| |||| 00| 0 eng d | ||
| 010 | _a2024418351 | ||
| 020 | _a9789787947623 | ||
| 100 | _aYamsat, Pandang and Cirman, Daniel, | ||
| 245 |
_aThe new political conscience for the church / _cPandang Yamsat ; Daniel Cirman. |
||
| 250 | _a1 | ||
| 260 |
_a Jos, Nigeria. _b Hallel & Partners Publishing Group: _c2022. |
||
| 300 |
_axv, 157p. _c21 cm |
||
| 942 | _2ddc | ||
| 999 |
_c107 _d107 |
||